000 00494nam a2200181Ia 4500
008 120926t2001 xxu||||| |||| 00| 0 sin d
041 _asin
080 _a8 - 3 (Youth)
_bSTI
100 _aStivensun,Robert Luwis
245 _aසම්පත් දිවයින
246 _aSampath Diwayina
260 _aMalpiyali
_aDankotuwa
_c2001
300 _b84p, ill, 21 cm
700 _aGunasekara,Saman Pushpa
_etr.
942 _cBK
999 _c43087
_d43087
003 LK-CoDNM
040 _aLK-CoDNM
_dLK-CoDNM
_eLK-CoDNM